Future of finTech (Record no. 775923)

MARC details
000 -LEADER
fixed length control field 00887nam a2200265Ia 4500
003 - CONTROL NUMBER IDENTIFIER
control field OSt
005 - DATE AND TIME OF LATEST TRANSACTION
control field 20220928124000.0
008 - FIXED-LENGTH DATA ELEMENTS--GENERAL INFORMATION
fixed length control field 220927b |||||||| |||| 00| 0 eng d
037 ## - SOURCE OF ACQUISITION
Terms of availability Textual
040 ## - CATALOGING SOURCE
Original cataloging agency SDCL
Transcribing agency SDCL
Language of cataloging eng
041 ## - LANGUAGE CODE
Source of code eng
Language code of text/sound track or separate title eng
100 ## - MAIN ENTRY--PERSONAL NAME
Personal name Nicoletti Bernardo
9 (RLIN) 462971
245 #0 - TITLE STATEMENT
Title Future of finTech
Remainder of title Integrating finance and technology in financial services
260 ## - PUBLICATION, DISTRIBUTION, ETC.
Place of publication, distribution, etc. Switzerland
Name of publisher, distributor, etc. Palgave macmillan
Date of publication, distribution, etc. 2017
300 ## - PHYSICAL DESCRIPTION
Extent xv,328p.
Dimensions cm.
490 ## - SERIES STATEMENT
Series statement Palgrave studies in financial services technology
650 ## - SUBJECT ADDED ENTRY--TOPICAL TERM
Topical term or geographic name entry element Financial Studies
942 ## - ADDED ENTRY ELEMENTS (KOHA)
Classification part X6:(D6,8(B)), Q7
Koha item type Textual
Source of classification or shelving scheme Colon Classification (CC)
Holdings
Withdrawn status Lost status Damaged status Not for loan Home library Current library Date acquired Source of acquisition Total Checkouts Full call number Barcode Date due Date last seen Date last checked out Price effective from Koha item type
        South Campus Library Central Library 2022-09-28 29, 06/02/2019, Excel Book International 1 X6:(D6,8(B)) Q7 SC1621817 2023-08-03 2025-01-08 2025-01-08 2022-09-28 Textual
Copyright @ Delhi University Library System